Die Lehre von den chemischen Fermenten oder Enzymologie

Bibliographic Details
Main Author: Mayer A. Adolf
Summary:В описании используется грамматика 19 века
Раздельная пагинация страниц
Language:German
Published: Heidelberg, Carl Winter's Universitätsbuchhandlung, 1882
Subjects:
Format: Book
KOHA link:https://koha.lib.tpu.ru/cgi-bin/koha/opac-detail.pl?biblionumber=362011

MARC

LEADER 00000nam0a2200000 4500
001 362011
005 20240626102445.0
035 |a (RuTPU)RU\TPU\retro\19357 
090 |a 362011 
100 |a 20210712d1882 m||y1gery50 ba 
101 0 |a ger 
102 |a DE 
105 |a y z 000zy 
181 0 |b  e  
182 0 |a n 
183 0 |a nc  |2 RDAcarrier 
200 1 |a Die Lehre von den chemischen Fermenten oder Enzymologie  |f auf Grund von vorhandenen und eigenen Versuchen   |g bearbeitet von A. Mayer 
210 |a Heidelberg  |c Carl Winter's Universitätsbuchhandlung  |d 1882 
215 |a VI, [2], 124 s.  |c il. 
283 |a volume 
300 |a В описании используется грамматика 19 века 
300 |a Раздельная пагинация страниц 
316 |5 63413507: 13690  |a На полях и в тексте многочисленные пометы карандашом 
317 |5 63413507: 13690  |a Поступил в НТБ в 1914 г. в дар от первого директора ТТИ профессора Е. Л. Зубашева 
320 |a Bibliographie in Referenzen 
541 1 |a Учение о химических ферментах или энзимология  |z rus 
606 1 |a Энзимология  |2 stltpush  |3 (RuTPU)RU\TPU\subj\21373  |9 46380 
610 1 |a Коллекция Е. Л. Зубашева 
610 1 |a дары библиотеке 
610 1 |a химические вещества 
610 1 |a ферменты 
610 1 |a биологические процессы 
610 1 |a учения 
610 1 |a немецкий язык 
675 |a 577.15  |v 4 
700 1 |a Mayer  |b A.  |g Adolf 
801 1 |a RU  |b 63413507  |c 20210712 
801 2 |a RU  |b 63413507  |c 20210713  |g RCR 
942 |c BK